| 000 | 00000nam 2200000za 4500 |
| 001 | 9.808656 |
| 003 | CaOODSP |
| 005 | 20221107140435 |
| 007 | cr ||||||||||| |
| 008 | 170405s2016 onca obf f000 0 eng d |
| 020 | |a978-0-660-04134-6 |
| 040 | |aCaOODSP|beng |
| 043 | |an-cn--- |
| 086 | 1 |aCH44-157/2016E-PDF |
| 245 | 04|aThe ABC method |h[electronic resource] : |ba risk management approach to the preservation of cultural heritage. |
| 246 | 30|aRisk management approach to the preservation of cultural heritage |
| 260 | |aOttawa : |bCanadian Conservation Institute, |cc2016. |
| 300 | |a163 p. : |bcol. ill. |
| 500 | |aIssued also in French under title: La méthode ABC pour appliquer la gestion des risques à la préservation des biens culturels. |
| 500 | |a"This publication has been designed in partnership with ICCROM (International Centre for the Study of the Preservation and Restoration of Cultural Property)"--Verso of cover. |
| 500 | |aIncludes glossary. |
| 504 | |aIncludes bibliographical references (p. 159-160). |
| 520 | |a"This manual offers a comprehensive understanding of risk management applied to the preservation of heritage assets, whether collections, buildings or sites. It provides a step-by-step procedure and a variety of tools to guide the heritage professional in applying the ABC method to their own context. The method can be applied to a range of situations, from analysis of a single risk to a comprehensive risk assessment of the entire heritage asset"--Provided by publisher. |
| 692 | 07|2gccst|aHeritage conservation |
| 692 | 07|2gccst|aRisk management |
| 692 | 07|2gccst|aHandbooks |
| 710 | 1 |aCanada. |bCanadian Heritage. |
| 710 | 2 |aInternational Centre for the Study of the Preservation and the Restoration of Cultural Property. |
| 710 | 2 |aCanadian Conservation Institute. |
| 775 | 08|tLa méthode ABC pour appliquer la gestion des risques à la préservation des biens culturels |w(CaOODSP)9.808657 |
| 856 | 40|qPDF|s2.93 MB|uhttps://publications.gc.ca/collections/collection_2017/pch/CH44-157-2016-eng.pdf |